[Event "SK Münster 5 - SV Heiden 1"]
[Site "Verbandsliga 2015/2016"]
[Date "2016.04.23"]
[Round "8.1"]
[White "Wienen, Hermann"]
[Black "Austrup, David"]
[Result "1-0"]
[WhiteElo "1968"]
[BlackElo "1966"]
[PlyCount "75"]
[EventDate "2016.??.??"]
[SourceDate "2015.09.20"]

1. e4 c5 2. Nf3 d6 3. d4 cxd4 4. Nxd4 Nf6 5. Nc3 g6 6. Be3 Bg7 7. Bb5+ Nbd7 8.
O-O O-O 9. h3 a6 10. Bc4 b5 11. Nc6 Qe8 12. Bd5 Kh8 13. Nxe7 Nxd5 14. Nexd5 Qd8
15. Bd4 f6 16. a4 Rb8 17. axb5 axb5 18. Nb4 Bb7 19. Ba7 Rc8 20. Qxd6 Re8 21.
Rad1 Ne5 22. Nxb5 Bxe4 23. Qxd8 Rexd8 24. Nd6 Bxc2 25. Nxc2 Rxc2 26. f4 Rxb2
27. fxe5 Kg8 28. e6 Bf8 29. Nc4 Rxd1 30. Rxd1 Re2 31. Ne3 Ra2 32. Rd7 Bb4 33.
Nd5 Rxa7 34. Nxb4 Ra1+ 35. Kf2 Ra8 36. Nd5 f5 37. Nf6+ Kf8 38. Rf7# 1-0

[Event "SK Münster 5 - SV Heiden 1"]
[Site "Verbandsliga 2015/2016"]
[Date "2016.04.23"]
[Round "8.2"]
[White "Hartmann, Steffen"]
[Black "Ehrlich, Hans-Georg"]
[Result "1-0"]
[WhiteElo "1877"]
[BlackElo "1804"]
[PlyCount "43"]
[EventDate "2016.??.??"]
[SourceDate "2015.09.20"]

1. e4 d5 2. exd5 Qxd5 3. Nc3 Qd8 4. d4 c6 5. Bc4 Bf5 6. Nge2 Nf6 7. Bf4 e6 8.
f3 Nd5 9. Bxd5 exd5 10. Qd2 Bd6 11. O-O-O O-O 12. g4 Be6 13. h4 Qc7 14. h5 Nd7
15. Rdg1 Nb6 16. Bxd6 Qxd6 17. Qg5 Qd8 18. Qf4 Qb8 19. Qd2 Qd6 20. h6 g6 21.
Qg5 Qd8 22. Qe5 1-0

[Event "SK Münster 5 - SV Heiden 1"]
[Site "Verbandsliga 2015/2016"]
[Date "2016.04.23"]
[Round "8.3"]
[White "Vestrick, Frank"]
[Black "Stumpe, Danny"]
[Result "0-1"]
[WhiteElo "1740"]
[BlackElo "1708"]
[PlyCount "90"]
[EventDate "2016.??.??"]
[SourceDate "2015.09.20"]

1. d4 g6 2. c4 d6 3. Nc3 Bg7 4. e4 Nd7 5. Be3 Ngf6 6. f3 c6 7. Qd2 a6 8. a4 Qa5
9. Rb1 Qb4 10. Bd3 e5 11. d5 Nc5 12. b3 Bd7 13. Nge2 cxd5 14. Bxc5 Qxc5 15. b4
Qa7 16. exd5 O-O 17. Ng3 Qd4 18. Nce2 Qh4 19. Qc2 Bh6 20. O-O Rac8 21. Ne4 Nxd5
22. Nxd6 Rc6 23. b5 Ne3 24. bxc6 Nxc2 25. cxd7 Ne3 26. g3 Qh3 27. Rf2 Qxd7 28.
c5 Qxa4 29. Nc3 Qa3 30. Nde4 Qa5 31. Rxb7 f5 32. Ra2 Qd8 33. Nd6 f4 34. g4 Qh4
35. Ra1 Qh3 36. Bf1 Qxf3 37. h3 Qg3+ 38. Kh1 Nxf1 39. Rxf1 Qxh3+ 40. Kg1 Qxg4+
41. Kf2 Qg3+ 42. Ke2 Qe3+ 43. Kd1 Qd3+ 44. Ke1 Qxc3+ 45. Kf2 Qxc5+ 0-1

[Event "SK Münster 5 - SV Heiden 1"]
[Site "Verbandsliga 2015/2016"]
[Date "2016.04.23"]
[Round "8.4"]
[White "Sokolowski, Cyril"]
[Black "Niewerth, Gerd"]
[Result "1/2-1/2"]
[WhiteElo "1725"]
[BlackElo "1758"]
[PlyCount "50"]
[EventDate "2016.??.??"]
[SourceDate "2015.09.20"]

1. e4 c6 2. d4 d5 3. exd5 cxd5 4. Bd3 Nc6 5. c3 Nf6 6. Ne2 e6 7. O-O Bd6 8. Nd2
e5 9. dxe5 Nxe5 10. Bb5+ Bd7 11. Nd4 O-O 12. Bxd7 Qxd7 13. N2f3 h6 14. Nxe5
Bxe5 15. h3 Rfe8 16. Be3 a6 17. Qf3 Bxd4 18. Bxd4 Re6 19. Rfd1 Rd8 20. Be3 Qb5
21. Rab1 Rde8 22. Rd4 Qc6 23. Rbd1 Qb5 24. Rb4 Qc6 25. c4 dxc4 1/2-1/2

[Event "SK Münster 5 - SV Heiden 1"]
[Site "Verbandsliga 2015/2016"]
[Date "2016.04.23"]
[Round "8.5"]
[White "Kloster, Elisabeth"]
[Black "Hundehege, Tobias"]
[Result "1/2-1/2"]
[WhiteElo "1737"]
[BlackElo "1753"]
[PlyCount "43"]
[EventDate "2016.??.??"]
[SourceDate "2015.09.20"]

1. e4 e6 2. d4 d5 3. exd5 exd5 4. Bd3 Nf6 5. Ne2 Be7 6. O-O O-O 7. Bf4 Bg4 8.
Re1 Re8 9. h3 Bh5 10. c3 c6 11. Qc2 Bg6 12. Bxg6 fxg6 13. Nd2 Nbd7 14. Ng3 Nf8
15. Nf3 Bd6 16. Rxe8 Nxe8 17. Be5 Qc7 18. Re1 Nf6 19. Qd2 Re8 20. Qf4 Bxe5 21.
Nxe5 N8d7 22. Qe3 1/2-1/2

[Event "SK Münster 5 - SV Heiden 1"]
[Site "Verbandsliga 2015/2016"]
[Date "2016.04.23"]
[Round "8.6"]
[White "Bissen, Philippe"]
[Black "Rottstegge, Maurice"]
[Result "1-0"]
[WhiteElo "1681"]
[BlackElo "1643"]
[PlyCount "81"]
[EventDate "2016.??.??"]
[SourceDate "2015.09.20"]

1. d4 Nf6 2. c4 e6 3. Nc3 Bb4 4. e3 O-O 5. Nf3 c5 6. a3 cxd4 7. exd4 Bxc3+ 8.
bxc3 Qa5 9. Qc2 d5 10. Bd3 Ne4 11. Bd2 f5 12. O-O Bd7 13. a4 Nxd2 14. Nxd2 Nc6
15. Rfb1 Qc7 16. cxd5 exd5 17. Qb3 Rab8 18. Qxd5+ Kh8 19. Nf3 Ne7 20. Qb3 Ng6
21. Ng5 Nf4 22. Bb5 Bxb5 23. axb5 Qe7 24. h4 h6 25. Nf3 Rf6 26. Ne5 g5 27. Re1
Qg7 28. h5 Nxh5 29. Rxa7 f4 30. Nc6 Rbf8 31. Re7 R8f7 32. Ra8+ Kh7 33. Qb1+ Rf5
34. Qxf5+ Rxf5 35. Rxg7+ Nxg7 36. Ne5 h5 37. Rb8 f3 38. Rxb7 fxg2 39. Rf7 Rxf7
40. Nxf7 Ne6 41. b6 1-0

[Event "SK Münster 5 - SV Heiden 1"]
[Site "Verbandsliga 2015/2016"]
[Date "2016.04.23"]
[Round "8.7"]
[White "Mense, Petra"]
[Black "Baumann, Eva"]
[Result "0-1"]
[WhiteElo "1414"]
[BlackElo "1635"]
[PlyCount "92"]
[EventDate "2016.??.??"]
[SourceDate "2015.09.20"]

1. e4 e5 2. Nf3 Nc6 3. d4 exd4 4. Nxd4 Nf6 5. Bg5 Be7 6. Nxc6 bxc6 7. Nc3 Nxe4
8. Bxe7 Qxe7 9. Nxe4 Qxe4+ 10. Qe2 Qxe2+ 11. Bxe2 d5 12. O-O-O Bf5 13. Rhe1 O-O
14. c4 Rfd8 15. cxd5 cxd5 16. Bb5 c6 17. Ba6 Rab8 18. Re7 Rd7 19. Rde1 Kf8 20.
R7e3 g6 21. b3 Be6 22. Rc3 Rb6 23. Bc8 Re7 24. Rce3 c5 25. Re5 Rc6 26. Bxe6
Rcxe6 27. Rxe6 Rxe6 28. Rd1 d4 29. Kc2 Re2+ 30. Rd2 Rxd2+ 31. Kxd2 Ke7 32. Kd3
Kd6 33. Kc4 a5 34. a3 Kc6 35. b4 axb4 36. axb4 cxb4 37. Kxb4 Kd5 38. f3 g5 39.
Kb3 f5 40. Kb4 g4 41. h3 h5 42. h4 gxf3 43. gxf3 Ke5 44. Kc4 Kf4 45. Kxd4 Kxf3
46. Kd3 Kg3 0-1

[Event "SK Münster 5 - SV Heiden 1"]
[Site "Verbandsliga 2015/2016"]
[Date "2016.04.23"]
[Round "8.8"]
[White "Van Lindt, Chiara"]
[Black "Knop, Karin"]
[Result "1-0"]
[WhiteElo "1551"]
[BlackElo "1479"]
[PlyCount "69"]
[EventDate "2016.??.??"]
[SourceDate "2015.09.20"]

1. Nf3 d5 2. g3 Nc6 3. Bg2 Nf6 4. O-O e5 5. d3 Be6 6. Nbd2 Qd7 7. Re1 O-O-O 8.
a3 Be7 9. b4 a6 10. Rb1 b5 11. Bb2 d4 12. Qc1 Bd6 13. c3 dxc3 14. Qxc3 Nd5 15.
Qc2 f6 16. Rec1 Nde7 17. Ne4 Kb8 18. Nfd2 Bd5 19. Nxf6 gxf6 20. Bxd5 Nxd5 21.
Qxc6 Qxc6 22. Rxc6 Kb7 23. Rbc1 Rhf8 24. Ne4 Rf7 25. e3 h6 26. d4 Rdd7 27. dxe5
fxe5 28. R6c2 Nf6 29. Nc5+ Bxc5 30. Rxc5 e4 31. Be5 Ne8 32. Rc6 Nd6 33. Bf4 h5
34. R6c5 Rh7 35. Bxd6 1-0

[Event "SK Münster 4 - SC Falke Saerbeck 1"]
[Site "Verbandsliga 2015/2016"]
[Date "2016.04.23"]
[Round "8.1"]
[White "Hegemann, Eike"]
[Black "Schulz, Stefan"]
[Result "1-0"]
[WhiteElo "1985"]
[BlackElo "1937"]
[PlyCount "86"]
[EventDate "2016.??.??"]
[SourceDate "2015.09.20"]

1. e4 c6 2. d4 d5 3. e5 Na6 4. Ne2 h5 5. c3 g6 6. Nf4 Nc7 7. Bd3 Be6 8. O-O Nh6
9. Nxe6 Nxe6 10. Na3 Ng7 11. Bxh6 Rxh6 12. b4 e6 13. Nc2 b5 14. a4 a6 15. Na3
Nf5 16. Qd2 Rh8 17. axb5 Bh6 18. Qe2 axb5 19. Bxf5 gxf5 20. Nc2 Bg5 21. Rxa8
Qxa8 22. Ra1 Qb7 23. Ne1 Kd7 24. Nd3 Be7 25. Ra5 Ra8 26. Qxh5 Rxa5 27. bxa5 b4
28. Qxf7 Qb5 29. Nc5+ Kd8 30. Nxe6+ Kd7 31. cxb4 Qxb4 32. h3 Qe1+ 33. Kh2 Qxf2
34. a6 f4 35. Nc5+ Kd8 36. Nb7+ Kc7 37. Qxe7+ Kb6 38. Qa3 Ka7 39. Nd8 c5 40.
dxc5 d4 41. Qb3 Qg3+ 42. Qxg3 fxg3+ 43. Kxg3 d3 1-0

[Event "SK Münster 4 - SC Falke Saerbeck 1"]
[Site "Verbandsliga 2015/2016"]
[Date "2016.04.23"]
[Round "8.2"]
[White "Jansen, Dirk"]
[Black "Fischer, Andreas"]
[Result "1/2-1/2"]
[WhiteElo "1897"]
[BlackElo "1952"]
[PlyCount "41"]
[EventDate "2016.??.??"]
[SourceDate "2015.09.20"]

1. c4 e6 2. g3 d5 3. Nf3 Nf6 4. Bg2 Be7 5. O-O O-O 6. b3 Ne4 7. Bb2 Bf6 8. Qc2
c6 9. d3 Bxb2 10. Qxb2 Qf6 11. Qxf6 Nxf6 12. Nc3 Nbd7 13. e4 dxe4 14. dxe4 e5
15. Rad1 Re8 16. Rfe1 Nf8 17. h3 Ng6 18. Rd6 Re6 19. Rd8+ Re8 20. Rd6 Re6 21.
Rd8+ 1/2-1/2

[Event "SK Münster 4 - SC Falke Saerbeck 1"]
[Site "Verbandsliga 2015/2016"]
[Date "2016.04.23"]
[Round "8.3"]
[White "Hoge, Reinhard"]
[Black "Voß, Norbert"]
[Result "1-0"]
[WhiteElo "1912"]
[BlackElo "1854"]
[PlyCount "41"]
[EventDate "2016.??.??"]
[SourceDate "2015.09.20"]

1. c4 e5 2. g3 d6 3. Nc3 Nc6 4. Bg2 f5 5. d3 Nf6 6. e4 Be7 7. Nge2 O-O 8. O-O
Qe8 9. Nd5 Bd8 10. Rb1 Qh5 11. f3 g5 12. exf5 Nxd5 13. cxd5 Ne7 14. Nc3 Qf7 15.
Bxg5 Nxd5 16. Bxd8 Nxc3 17. bxc3 Rxd8 18. g4 Qxa2 19. c4 Qa3 20. Qd2 Rb8 21.
Qg5+ 1-0

[Event "SK Münster 4 - SC Falke Saerbeck 1"]
[Site "Verbandsliga 2015/2016"]
[Date "2016.04.23"]
[Round "8.4"]
[White "Börger, Andreas"]
[Black "Waltermann, Jens"]
[Result "1-0"]
[WhiteElo "1811"]
[BlackElo "1837"]
[PlyCount "117"]
[EventDate "2016.??.??"]
[SourceDate "2015.09.20"]

1. c4 c5 2. Nc3 Nc6 3. g3 g6 4. Bg2 Bg7 5. d3 d6 6. Bd2 Bd7 7. a3 Qc8 8. Rb1
Rb8 9. b4 b6 10. b5 Nd8 11. Qc1 h5 12. h3 Nf6 13. Nf3 Ne6 14. Ng5 Nc7 15. O-O
Nh7 16. Nxh7 Rxh7 17. Kh2 h4 18. g4 Bxg4 19. hxg4 Qxg4 20. Bc6+ Kf8 21. Rg1 Qf5
22. f4 e5 23. Be4 Qf6 24. Nd5 Nxd5 25. Bxd5 Bh6 26. e3 Re8 27. Be4 Rg7 28. Qf1
Ke7 29. Qf3 g5 30. f5 Rgg8 31. Rg4 Qh8 32. Bc6 Rd8 33. Rf1 f6 34. Qd5 Qg7 35.
Qe4 Kf8 36. a4 Qc7 37. Ra1 Rg7 38. Kh3 Qc8 39. Rgg1 a5 40. bxa6 Qxa6 41. Kg4
Rc7 42. Qd5 Qc8 43. Bb5 Qa8 44. Qxa8 Rxa8 45. Ra2 Kg8 46. Rga1 Bf8 47. a5 bxa5
48. Rxa5 Rxa5 49. Rxa5 Kg7 50. Ra6 Be7 51. Bc6 Rc8 52. Ra7 Rxc6 53. Rxe7+ Kf8
54. Ra7 Rb6 55. Ba5 Rb3 56. Kh5 Rxd3 57. Kg6 h3 58. Kxf6 Kg8 59. Kg6 1-0

[Event "SK Münster 4 - SC Falke Saerbeck 1"]
[Site "Verbandsliga 2015/2016"]
[Date "2016.04.23"]
[Round "8.5"]
[White "Lutterbey, Ralf"]
[Black "Schöpper, Oliver"]
[Result "1/2-1/2"]
[WhiteElo "1882"]
[BlackElo "1794"]
[PlyCount "23"]
[EventDate "2016.??.??"]
[SourceDate "2015.09.20"]

1. e4 Nf6 2. Bc4 Nxe4 3. Bxf7+ Kxf7 4. Qh5+ Kg8 5. Qd5+ e6 6. Qxe4 d5 7. Qe2 c5
8. Nf3 Nc6 9. d3 Be7 10. O-O Bf6 11. c3 Kf7 12. Bf4 1/2-1/2

[Event "SK Münster 4 - SC Falke Saerbeck 1"]
[Site "Verbandsliga 2015/2016"]
[Date "2016.04.23"]
[Round "8.6"]
[White "Schlagheck, Thomas"]
[Black "Schröter, Manfred"]
[Result "1/2-1/2"]
[WhiteElo "1680"]
[BlackElo "1844"]
[PlyCount "28"]
[EventDate "2016.??.??"]
[SourceDate "2015.09.20"]

1. e4 g6 2. d4 Bg7 3. Nf3 d6 4. Nc3 Nf6 5. Bc4 c5 6. dxc5 Qa5 7. O-O Qxc5 8.
Bb3 Nc6 9. Be3 Qa5 10. Qd2 Qh5 11. Bf4 O-O 12. Rfe1 e5 13. Bg3 Bg4 14. Qd3 Bxf3
1/2-1/2

[Event "SK Münster 4 - SC Falke Saerbeck 1"]
[Site "Verbandsliga 2015/2016"]
[Date "2016.04.23"]
[Round "8.7"]
[White "Bartsch, Rainer"]
[Black "Voß, Andreas"]
[Result "1/2-1/2"]
[WhiteElo "1787"]
[BlackElo "1712"]
[PlyCount "113"]
[EventDate "2016.??.??"]
[SourceDate "2015.09.20"]

1. d4 f5 2. Nf3 Nf6 3. e3 e6 4. Nbd2 d5 5. Be2 Bd6 6. c4 c6 7. Ne5 O-O 8. f4
Ne4 9. Nxe4 fxe4 10. Bd2 Nd7 11. Bc3 Nxe5 12. dxe5 Bc5 13. Qd2 Qb6 14. Bd4 Bxd4
15. exd4 e3 16. Qxe3 Qb4+ 17. Qd2 Qxd2+ 18. Kxd2 Rxf4 19. Ke3 Re4+ 20. Kd3 c5
21. cxd5 Rxd4+ 22. Kc3 Rxd5 23. Bf3 Rxe5 24. Rad1 Rb8 25. Rd8+ Kf7 26. Rhd1 b5
27. Rh8 b4+ 28. Kc2 c4 29. Rdd8 Rc5 30. Rhf8+ Kg6 31. Be4+ Kh6 32. Rfe8 Rc7 33.
Rh8 g6 34. Rhe8 a5 35. Bf3 e5 36. Be4 Bf5 37. Rxb8 Bxe4+ 38. Kd2 c3+ 39. bxc3
bxc3+ 40. Kc1 Rc5 41. Rec8 Rd5 42. Rxc3 Bxg2 43. Rbc8 Rd4 44. R8c4 Rf4 45. Rxf4
exf4 46. Kd2 Kg5 47. Ke1 Kg4 48. Kf2 Be4 49. a3 Bf5 50. Rc4 Bd7 51. Rc7 Be6 52.
Rxh7 a4 53. Ra7 Bb3 54. Rg7 g5 55. Rc7 Bd5 56. Rd7 Be6 57. Re7 1/2-1/2

[Event "SK Münster 4 - SC Falke Saerbeck 1"]
[Site "Verbandsliga 2015/2016"]
[Date "2016.04.23"]
[Round "8.8"]
[White "Ende, Günther"]
[Black "Bartsch, Jan"]
[Result "0-1"]
[WhiteElo "1726"]
[BlackElo "1555"]
[PlyCount "83"]
[EventDate "2016.??.??"]
[SourceDate "2015.09.20"]

1. e4 c6 2. d4 d5 3. Nc3 dxe4 4. Nxe4 Bf5 5. Ng3 Bg6 6. Nf3 e6 7. Ne5 Nd7 8.
Nxg6 hxg6 9. c3 Ngf6 10. Bd3 Qc7 11. O-O Bd6 12. c4 c5 13. d5 O-O-O 14. dxe6
fxe6 15. Qc2 Ne5 16. Bxg6 Neg4 17. h3 Nxf2 18. Qxf2 Bxg3 19. Qf3 Bh2+ 20. Kh1
Bd6 21. Bf4 Bxf4 22. Qxf4 Qxf4 23. Rxf4 Rd2 24. b3 Rh6 25. Be4 e5 26. Bf5+ Kc7
27. Rff1 Rh4 28. Kg1 Rhd4 29. Rf2 Rxf2 30. Kxf2 Rf4+ 31. Kg3 Rxf5 32. Kh2 e4
33. Re1 Rf2 34. Kg1 Rd2 35. g4 Rd4 36. Re2 Kd6 37. Kf2 Ke5 38. Kg3 g5 39. h4
Rd3+ 40. Kg2 gxh4 41. g5 Rg3+ 42. Kh2 0-1

[Event "TV Borken 1 - SC Rochade Emsdetten 2"]
[Site "Verbandsliga 2015/2016"]
[Date "2016.04.23"]
[Round "8.2"]
[White "Schroer, Klaus"]
[Black "Lücke, Thomas"]
[Result "1-0"]
[WhiteElo "2038"]
[BlackElo "1801"]
[PlyCount "105"]
[EventDate "2016.??.??"]
[SourceDate "2015.09.20"]

1. e4 c6 2. d4 d5 3. Nc3 dxe4 4. Nxe4 Bf5 5. Ng3 Bg6 6. Nf3 Nd7 7. h4 h6 8. Bd3
Bxd3 9. Qxd3 Ngf6 10. Bd2 e6 11. O-O-O Qc7 12. Ne4 O-O-O 13. Nxf6 Nxf6 14. Qe2
Bd6 15. Ne5 c5 16. Bf4 Nd5 17. Bg3 f6 18. Ng6 Rhe8 19. Bxd6 Rxd6 20. dxc5 Qxc5
21. Rh3 Kb8 22. Rhd3 Red8 23. g3 Nb4 24. Rxd6 Rxd6 25. Rxd6 Qxd6 26. Qd2 Nxa2+
27. Kd1 Qxd2+ 28. Kxd2 Nb4 29. Nf4 g5 30. Nxe6 gxh4 31. gxh4 Nc6 32. Ke3 a5 33.
Kf4 Ne7 34. Nd4 Kc7 35. Nf5 Ng6+ 36. Kg4 Ne5+ 37. Kh5 a4 38. Kxh6 b5 39. Kg7 b4
40. h5 Nf3 41. Ne3 a3 42. bxa3 bxa3 43. Nd5+ Kd6 44. Nc3 Ke5 45. h6 Ng5 46. h7
Nxh7 47. Kxh7 Kf4 48. Kg6 Kf3 49. Na2 Kxf2 50. c4 Ke3 51. c5 Kd2 52. c6 Kc2 53.
c7 1-0

[Event "TV Borken 1 - SC Rochade Emsdetten 2"]
[Site "Verbandsliga 2015/2016"]
[Date "2016.04.23"]
[Round "8.3"]
[White "Hedwig, Johannes"]
[Black "Farwick, Christian"]
[Result "1/2-1/2"]
[WhiteElo "1809"]
[BlackElo "1822"]
[PlyCount "35"]
[EventDate "2016.??.??"]
[SourceDate "2015.09.20"]

1. e4 c5 2. Nf3 e6 3. c4 d6 4. d4 cxd4 5. Nxd4 Be7 6. Nc3 Nf6 7. Be2 O-O 8. O-O
Bd7 9. Ndb5 Bxb5 10. cxb5 Nbd7 11. Be3 Nb6 12. Qb3 Nfd7 13. Rfd1 Qb8 14. a4 Nf6
15. Rd2 Rd8 16. Rad1 Nbd7 17. Bc4 Qc7 18. f3 1/2-1/2

[Event "TV Borken 1 - SC Rochade Emsdetten 2"]
[Site "Verbandsliga 2015/2016"]
[Date "2016.04.23"]
[Round "8.4"]
[White "Rickert, Berthold"]
[Black "Hemmers, Dieter"]
[Result "0-1"]
[WhiteElo "1803"]
[BlackElo "1799"]
[PlyCount "36"]
[EventDate "2016.??.??"]
[SourceDate "2015.09.20"]

1. c4 c5 2. Nc3 Nc6 3. g3 g6 4. Bg2 Bg7 5. Nf3 Nf6 6. d4 cxd4 7. Nxd4 O-O 8.
O-O Nxd4 9. Qxd4 d6 10. e4 Qa5 11. Nd5 Nxd5 12. Qxd5 Qc7 13. Rb1 Be6 14. Qd1
Bxc4 15. Re1 Bxa2 16. Ra1 Be6 17. Ra3 Rfc8 18. Bf1 Qxc1 0-1

[Event "TV Borken 1 - SC Rochade Emsdetten 2"]
[Site "Verbandsliga 2015/2016"]
[Date "2016.04.23"]
[Round "8.5"]
[White "Nöring, Andreas"]
[Black "Vijayakumaran, Vithoosan"]
[Result "1/2-1/2"]
[WhiteElo "1833"]
[BlackElo "1674"]
[PlyCount "91"]
[EventDate "2016.??.??"]
[SourceDate "2015.09.20"]

1. e4 d5 2. exd5 Qxd5 3. Nc3 Qd6 4. Nf3 Nf6 5. Be2 a6 6. d3 b5 7. Bg5 Bb7 8. a3
Nbd7 9. O-O e6 10. Nd2 Be7 11. Bf3 Bxf3 12. Qxf3 O-O 13. Nde4 Qb6 14. Be3 Qb8
15. Rfe1 Bd6 16. Nxf6+ Nxf6 17. Bd4 Qd8 18. Be3 Nd7 19. d4 Qf6 20. Qxf6 Nxf6
21. Bg5 Rfd8 22. Ne4 Be7 23. Nxf6+ Bxf6 24. Bxf6 gxf6 25. c3 Rd5 26. f4 Rad8
27. Kf2 c5 28. dxc5 Rxc5 29. Rad1 Rcd5 30. Rxd5 Rxd5 31. Ke3 Kf8 32. Re2 Ke7
33. Rc2 f5 34. h3 h5 35. b4 f6 36. c4 bxc4 37. Rxc4 a5 38. Rc7+ Ke8 39. Rh7
axb4 40. axb4 Rb5 41. Rxh5 Rxb4 42. Rh7 Rb3+ 43. Kf2 Rc3 44. h4 Rc2+ 45. Kg3
Rc3+ 46. Kf2 1/2-1/2

[Event "TV Borken 1 - SC Rochade Emsdetten 2"]
[Site "Verbandsliga 2015/2016"]
[Date "2016.04.23"]
[Round "8.6"]
[White "Klüppel, Ralf"]
[Black "Fehlings, Gerd"]
[Result "1-0"]
[WhiteElo "1686"]
[BlackElo "1735"]
[PlyCount "59"]
[EventDate "2016.??.??"]
[SourceDate "2015.09.20"]

1. d4 e6 2. Nf3 d5 3. e3 Bd6 4. Bd3 f5 5. b3 Nf6 6. c4 c6 7. O-O Qe7 8. a4 O-O
9. Ba3 Ne4 10. Bxd6 Qxd6 11. Ne5 Nd7 12. Nxd7 Bxd7 13. f3 Nf6 14. f4 b6 15. Qd2
a5 16. Rd1 Rfb8 17. Nc3 Ne4 18. Bxe4 fxe4 19. h3 Qb4 20. Rdc1 b5 21. axb5 cxb5
22. c5 a4 23. bxa4 bxa4 24. Rcb1 Qa5 25. Qc2 Bb5 26. Rxb5 Rxb5 27. Rxa4 Qd8 28.
Rxa8 Qxa8 29. Nxb5 Qa1+ 30. Kh2 1-0

[Event "TV Borken 1 - SC Rochade Emsdetten 2"]
[Site "Verbandsliga 2015/2016"]
[Date "2016.04.23"]
[Round "8.7"]
[White "Colmer, Willi"]
[Black "Rosengarten, Detlef"]
[Result "1-0"]
[WhiteElo "1775"]
[BlackElo "1546"]
[PlyCount "63"]
[EventDate "2016.??.??"]
[SourceDate "2015.09.20"]

1. d4 d5 2. c4 e6 3. Nc3 Nf6 4. cxd5 exd5 5. Bg5 Bb4 6. Qa4+ Nc6 7. e3 O-O 8.
Nf3 Bd7 9. Qb3 Be6 10. Bd3 h6 11. Bh4 a5 12. O-O a4 13. Nxa4 g5 14. Bg3 Ne4 15.
Rfd1 Qe7 16. Nc3 Na5 17. Nxd5 Bxd5 18. Qxd5 Nxg3 19. hxg3 Qe6 20. Qxe6 fxe6 21.
Rac1 Nc6 22. a3 Bd6 23. Bc4 Rfe8 24. e4 g4 25. Nh2 h5 26. e5 Bf8 27. Bb5 Bh6
28. Bxc6 bxc6 29. Rxc6 Re7 30. Kf1 Ra5 31. Ke2 Rd5 32. Nf1 1-0

[Event "SG Ahaus-Wessum 1 - SK Bocholt 1"]
[Site "Verbandsliga 2015/2016"]
[Date "2016.04.23"]
[Round "8.1"]
[White "Fuest, Martin"]
[Black "Schulze Ameling, Hendrik"]
[Result "1/2-1/2"]
[WhiteElo "2157"]
[BlackElo "2003"]
[PlyCount "92"]
[EventDate "2016.??.??"]
[SourceDate "2015.09.20"]

1. d4 f5 2. Bg5 c5 3. e3 g6 4. Nd2 Bg7 5. c3 cxd4 6. exd4 h6 7. Bf4 Nf6 8. Ngf3
d6 9. h4 Nc6 10. Bc4 Na5 11. Bb5+ Nc6 12. Qe2 a6 13. Bd3 Nh5 14. Bh2 Nf6 15.
Bf4 Nh5 16. g3 O-O 17. d5 e5 18. dxe6 Re8 19. O-O-O Bxe6 20. Bc4 d5 21. Bb3 Na5
22. Be3 b5 23. Bd4 b4 24. cxb4 Rc8+ 25. Kb1 f4 26. Ka1 Bg4 27. Qxe8+ Qxe8 28.
Bxd5+ Kh7 29. Bxg7 Nxg7 30. bxa5 Rc2 31. Ne4 Qb5 32. Nf6+ Kh8 33. Bb3 Bxf3 34.
Rd8+ Ne8 35. Rxe8+ Kg7 36. Rhe1 Rc7 37. R8e6 Bc6 38. gxf4 h5 39. Rg1 Qf5 40. a3
Ba4 41. Bxa4 Qxe6 42. Ne8+ Kf8 43. Nxc7 Qc4 44. Be8 Qxc7 45. Bxg6 Qxa5 46. f5
Qd2 1/2-1/2

[Event "SG Ahaus-Wessum 1 - SK Bocholt 1"]
[Site "Verbandsliga 2015/2016"]
[Date "2016.04.23"]
[Round "8.2"]
[White "Rosing, Hermann"]
[Black "Liesmann, Karsten"]
[Result "1/2-1/2"]
[WhiteElo "1948"]
[BlackElo "1987"]
[PlyCount "87"]
[EventDate "2016.??.??"]
[SourceDate "2015.09.20"]

1. f4 e5 2. e4 exf4 3. Nf3 d5 4. exd5 Nf6 5. d4 Nxd5 6. Be2 Bd6 7. O-O O-O 8.
c4 Ne3 9. Bxe3 fxe3 10. c5 Be7 11. Qb3 Bf6 12. Nc3 Nc6 13. Rad1 Bg4 14. Ne5
Bxe2 15. Nxe2 Bxe5 16. dxe5 Qe8 17. Qxe3 Qxe5 18. Qf2 f6 19. Nf4 Rfe8 20. Nd5
Rad8 21. Nf4 Rxd1 22. Rxd1 Rd8 23. Rxd8+ Nxd8 24. g3 Nc6 25. Qc2 Kh8 26. Kg2 g5
27. Nh5 Qd5+ 28. Kf2 Qd4+ 29. Kg2 Qd5+ 30. Kf2 Nd4 31. Qc3 Qe4 32. Qe3 Qf5+ 33.
Kg2 Qc2+ 34. Kf1 Qf5+ 35. Kg2 Qc2+ 36. Kf1 Qd1+ 37. Kg2 Qxh5 38. Qxd4 Qe2+ 39.
Kg1 Qe1+ 40. Kg2 Qe2+ 41. Kg1 Qe7 42. b4 Kg7 43. a3 h5 44. Kf2 1/2-1/2

[Event "SG Ahaus-Wessum 1 - SK Bocholt 1"]
[Site "Verbandsliga 2015/2016"]
[Date "2016.04.23"]
[Round "8.3"]
[White "Hunhoff, Sebastian"]
[Black "Bauland, Thomas"]
[Result "1/2-1/2"]
[WhiteElo "1894"]
[BlackElo "1872"]
[PlyCount "51"]
[EventDate "2016.??.??"]
[SourceDate "2015.09.20"]

1. c4 g6 2. Nc3 Bg7 3. e4 c5 4. Nge2 d6 5. g3 e6 6. Bg2 Ne7 7. O-O O-O 8. d3
Nbc6 9. Be3 a6 10. Qd2 Rb8 11. Bh6 Bd7 12. Bxg7 Kxg7 13. Rae1 b5 14. f4 Nd4 15.
g4 b4 16. Nd1 Nec6 17. Ng3 f6 18. h4 f5 19. g5 b3 20. a3 Nc2 21. Re2 N6d4 22.
Ref2 Qc7 23. Ne3 Nxe3 24. Qxe3 Rbe8 25. Qd2 a5 26. h5 1/2-1/2

[Event "SG Ahaus-Wessum 1 - SK Bocholt 1"]
[Site "Verbandsliga 2015/2016"]
[Date "2016.04.23"]
[Round "8.4"]
[White "Diehlmann, Christian"]
[Black "Steiner, Karl"]
[Result "1/2-1/2"]
[WhiteElo "1874"]
[BlackElo "1919"]
[PlyCount "100"]
[EventDate "2016.??.??"]
[SourceDate "2015.09.20"]

1. d4 f5 2. g3 Nf6 3. Bg2 d5 4. Bg5 Nbd7 5. Bxf6 Nxf6 6. Nf3 e6 7. O-O Bd6 8.
e3 O-O 9. Nbd2 Bd7 10. c4 c6 11. Qb3 Qb6 12. Rfc1 Ne4 13. Qc2 Qc7 14. a3 a5 15.
Rab1 a4 16. c5 Be7 17. Ne5 Nxc5 18. f4 Ne4 19. Nxe4 fxe4 20. Bh3 Bd6 21. Rf1
Bc8 22. Rf2 c5 23. Rc1 c4 24. g4 Qe7 25. g5 Bxe5 26. dxe5 Bd7 27. Rcf1 Be8 28.
Qe2 Bg6 29. Rg2 Bf5 30. Rg3 b5 31. Qh5 g6 32. Qe2 b4 33. axb4 Qxb4 34. Bxf5
Rxf5 35. h4 a3 36. bxa3 Rxa3 37. h5 Qe7 38. hxg6 hxg6 39. Rh3 Rf7 40. Rh6 Rg7
41. Qh2 Kf7 42. Rh7 Qa7 43. Rxg7+ Kxg7 44. Qh6+ Kf7 45. Qh7+ Kf8 46. Qh8+ Ke7
47. Qf6+ Kd7 48. Qf7+ Kd8 49. Qf8+ Kc7 50. Qd6+ Kb7 1/2-1/2

[Event "SG Ahaus-Wessum 1 - SK Bocholt 1"]
[Site "Verbandsliga 2015/2016"]
[Date "2016.04.23"]
[Round "8.5"]
[White "Robeling, Stephan"]
[Black "Woltering, Martin"]
[Result "0-1"]
[WhiteElo "1869"]
[BlackElo "1738"]
[PlyCount "38"]
[EventDate "2016.??.??"]
[SourceDate "2015.09.20"]

1. d4 e6 2. e4 d5 3. Nd2 Nf6 4. e5 Nfd7 5. Bd3 c5 6. c3 Nc6 7. Ndf3 Qb6 8. Ne2
f6 9. exf6 Nxf6 10. O-O Bd6 11. b3 cxd4 12. cxd4 O-O 13. Bb2 Bd7 14. Rc1 Rae8
15. Ne5 Bxe5 16. dxe5 Ng4 17. Ng3 Nxf2 18. Rxf2 Qxf2+ 19. Kh1 Qxb2 0-1

[Event "SG Ahaus-Wessum 1 - SK Bocholt 1"]
[Site "Verbandsliga 2015/2016"]
[Date "2016.04.23"]
[Round "8.6"]
[White "Kemper, Josef"]
[Black "Hunhoff, Andreas"]
[Result "0-1"]
[WhiteElo "1828"]
[BlackElo "1848"]
[PlyCount "66"]
[EventDate "2016.??.??"]
[SourceDate "2015.09.20"]

1. e4 c5 2. Nc3 Nc6 3. g3 d6 4. Bg2 Nf6 5. d3 e6 6. Nge2 Be7 7. O-O O-O 8. h3
d5 9. exd5 exd5 10. Kh2 Be6 11. d4 c4 12. Be3 Re8 13. a3 Bd6 14. Nf4 Bxf4 15.
Bxf4 Bf5 16. Nb5 Re7 17. Nc3 h6 18. Be3 a6 19. Qd2 Ne4 20. Nxe4 Bxe4 21. f3 Bh7
22. Rfe1 Qd7 23. Re2 Rae8 24. Rae1 b5 25. h4 Qf5 26. g4 Qxc2 27. Qxc2 Bxc2 28.
Rxc2 Rxe3 29. Rxe3 Rxe3 30. f4 Nxd4 31. Rc3 Re2 32. Kh3 Rxb2 33. Bxd5 Rb3 0-1